000 00701nam 22001693 4500
001 198852
090 _a198852
100 _a20251106d u||y0pory50 ba
200 _aBibliotecas e arquivos de Portugal : boletim dos serviços das bibliotecas e arquivos da Direcção Geral do Ensino Superior e das Belas Artes
210 _aLisboa
_cMinistério da Educação Nacional, Direcção-Geral do Ensino Superior e das biblitecas
_d1969-1979
215 _a5 vols
_cbrochado
_d24 cm
606 _91270
_aBiblioteconomia
_xBibliotecas
675 _a02
_vPT
_zpor
711 _914763
_a Portugal., Direcção Geral do Ensino Superior e das Belas Artes,
801 _aPT
_bBMMN
_gRPC
830 _cFernando
_fFernando
990 _cLIVROS